00967 2200313 4500001002100000005001500021035002000036007000300056008004100059020002200100040002200122082001500144084001700159090002200176100002800198245009800226250003100324300002900355650003100384700003600415850001200451504003000463264004200493336002100535337003000556338002300586999002200609990002200631INLIS00000000088854020240715092716 a0010-0724000439ta240709s2024 yoia g ind d a978-623-164-778-8 aYOPDYOGbinderda04223a005.54 a005.54 LIS t aCB-D.11 2024-16620 aLisma Laurelepengarang10a7 hari belajar Ms Excel :bmudah dan praktis /cLisma Laurel; penyunting, Idha Nafiatul Aisyi aCetakan pertama, Juni 2024 axx, 236 halaman ;c19 cm 4aMSExcel (Program komputer)0 aIdha Nafiatul Aisyiepenyunting aYOPDYOG aBibliografi : halaman 23131aBantul :bAnak Hebat Indonesia,c2024 2rdacontentateks 2rdamediaatanpa perantara 2rdacarrieravolume aCB-D.11/2024-1662 aCB-D.11/2024-1662